00485 2200193 4500001002100000005001500021008004100036020001800077035001900095041000700114082000800121090001400129100001900143245006000162260001700222300002000239500001100259650002100270INLIS00000000000333520241224112714241224||||||||| | ||| |||| || |  a979-3269-26-x 0010-1224003335 aid0 a813 a813 DON n0 aDonna Williams00aNyanyian Surgawi : Akhir Perjalanan Sang Gadis Autistik bQanitac2004 a444 hlm.; 18 cm aCet. 1 0aIlmu Kesusatraan